Central Library OPAC University of Rajshahi

Proceedings of the United Nations Scientific Conference on the Conservation and Utilization of Resources, 17 August-6 September 1949, Lake Success, New York / (Record no. 22994)

MARC details
000 -LEADER
fixed length control field 01120cam a2200253 a 4500
001 - CONTROL NUMBER
control field 22994
003 - CONTROL NUMBER IDENTIFIER
rucl marc code BD-RjUL
005 - DATE AND TIME OF LATEST TRANSACTION
control field 20211209000859.0
008 - FIXED-LENGTH DATA ELEMENTS--GENERAL INFORMATION
fixed length control field 140310s1949 nyua b i000 0 eng d
035 ## - SYSTEM CONTROL NUMBER
System control number (BD-RjUL)23059
-- OCLC 25124274 from jbp04
040 ## - CATALOGING SOURCE
Original cataloging agency SMI
Transcribing agency SMI
Modifying agency EQO
-- BD-RjUL
Language of cataloging eng
041 ## - LANGUAGE CODE
Language code of text/sound track or separate title eng
082 00 - DEWEY DECIMAL CLASSIFICATION NUMBER
Edition number 20
Classification number 333.72
Author mark and year UNP 1951
111 2# - MAIN ENTRY--MEETING NAME
Meeting name or jurisdiction name as entry element United Nations Scientific Conference on the Conservation and Utilization of Resources
Date of meeting (1949 :
Location of meeting Lake Success, N.Y.)
9 (RLIN) 70938
245 10 - TITLE STATEMENT
Title Proceedings of the United Nations Scientific Conference on the Conservation and Utilization of Resources, 17 August-6 September 1949, Lake Success, New York /
Number of part/section of a work Volume II :
Name of part/section of a work Mineral resources.
260 ## - PUBLICATION, DISTRIBUTION, ETC. (IMPRINT)
Place of publication, distribution, etc. Lake Success, N.Y :
Name of publisher, distributor, etc. United Nations, Dept. of Economic Affairs,
Date of publication, distribution, etc. 1951.
300 ## - PHYSICAL DESCRIPTION
Pagination V, 303 P. :
Illustrations ill. ;
Size 28 cm.
504 ## - BIBLIOGRAPHY, ETC. NOTE
Bibliography, etc Includes bibliography.
650 #0 - SUBJECT ADDED ENTRY--TOPICAL TERM
Topical term or geographic name as entry element Conservation of natural resources
Form subdivision Congresses.
9 (RLIN) 70935
Topical term or geographic name as entry element Agricultural conservation
General subdivision Congresses.
9 (RLIN) 70936
Topical term or geographic name as entry element Forest conservation
General subdivision Congresses.
9 (RLIN) 70937
Topical term or geographic name as entry element Forests and forestry
Form subdivision Congresses..
9 (RLIN) 45531
942 ## - ADDED ENTRY ELEMENTS (KOHA)
Source of classification or shelving scheme Dewey Decimal Classification
Koha item type Books
Holdings
Lost status Source of classification or shelving scheme Damaged status Not for loan Collection code Permanent Location Current Location Shelving location Date acquired Source of acquisition Total Checkouts Full call number Date last seen Copy number Koha item type
  Dewey Decimal Classification   Added to bundle Non-fiction Central Library, University of Rajshahi Central Library, University of Rajshahi Reading Room 12/01/1994 U. S. I .S.   333.72 UNP V-2 1951 10/03/2014 C-1 Books